000 00514nam a2200205 a 4500
001 3097
003 CO-ViMGA
008 141112s2004 ck r 000 u spa d
040 _aCO-ViMGA
_bspa
_cCO-ViMGA
082 0 4 _a745.7 M374
100 1 _aMerhart, Nenna Von
245 1 0 _aCómo pintar objetos de madera
250 _a3a
260 _aBarcelona :
_bCeac,
_c1983
300 _a47 p : il
490 _aCómo hacerlo, 31
650 1 4 _aARTESANIAS
_94191
650 1 4 _aMADERA - PINTURA
_952439
942 _2ddc
_cBK
999 _c15152
_d15152